Saheron kee Sanskriti (Record no. 439517)

000 -LEADER
fixed length control field 00386cam a22001217a 4500
008 - FIXED-LENGTH DATA ELEMENTS--GENERAL INFORMATION
fixed length control field 180718b1969 xxu||||| |||| 00| 0 eng d
100 ## - MAIN ENTRY--PERSONAL NAME
Personal name Mamford, Luies
245 ## - TITLE STATEMENT
Title Saheron kee Sanskriti
Statement of responsibility, etc. by Luies Mamford translated by Padmasingh Sharma 'Kamlesh'
260 ## - PUBLICATION, DISTRIBUTION, ETC.
Place of publication, distribution, etc. Kuruchetra
Name of publisher, distributor, etc. Kuruchetra Vishvavidhayalya
Date of publication, distribution, etc. 1969
300 ## - PHYSICAL DESCRIPTION
Extent 503p.
650 ## - SUBJECT ADDED ENTRY--TOPICAL TERM
Topical term or geographic name entry element City-culture
700 ## - ADDED ENTRY--PERSONAL NAME
Personal name Sharma, Padmasingh
Holdings
Withdrawn status Lost status Damaged status Not for loan Permanent Location Current Location Date acquired Barcode Date last seen Price effective from Koha item type
        Indian Institute of Public Administration Indian Institute of Public Administration 2010-04-30 72727 2018-07-21 2018-07-21 Book

Powered by Koha